| 000 | 00725nam a22002537a 4500 | ||
|---|---|---|---|
| 999 |
_c92266 _d92266 |
||
| 005 | 20210325215126.0 | ||
| 008 | 170504s2017 enk b 001 0 eng d | ||
| 020 | _a9781138956339 (pbk) | ||
| 040 | _aNALT | ||
| 050 |
_aHM 1126 _bR83 2017 |
||
| 100 | 1 | _aRubenstein, Richard E. | |
| 245 | 1 | 0 |
_aResolving structural conflicts : _bhow violent systems can be transformed / _cRichard E. Rubenstein. |
| 250 | _a1st ed. | ||
| 260 |
_aLondon : _bRoutledge, _c2017. |
||
| 264 | _b | ||
| 300 |
_aix, 159 p.; _c24 cm. |
||
| 650 | 0 |
_aConflict management _xSocial aspects. |
|
| 650 | 0 | _aSocial conflict. | |
| 650 | 0 | _aCulture conflict. | |
| 650 | 0 | _aSocial change. | |
| 850 | _aNALT | ||
| 942 |
_2lcc _cGB |
||
| 998 | _aDAO | ||